MARC

LEADER 00000nam0a2200000 4500
001 245791
005 20231101232145.0
010 |a 5247015746 
035 |a (RuTPU)RU\TPU\book\267217 
090 |a 245791 
100 |a 20131116d1990 k y0rusy50 ca 
101 0 |a rus 
102 |a RU 
105 |a y z 001zy 
200 1 |a Рациональное использование недр  |f В. А. Шестаков 
210 |a Москва  |c Недра  |d 1990 
215 |a 223 с. 
320 |a Библиогр.: с. 220-221. 
606 1 |a Недра  |x Рациональное использование  |2 stltpush  |3 (RuTPU)RU\TPU\subj\38900  |9 59147 
610 1 |a минеральные ресурсы 
610 1 |a экономическая оценка 
610 1 |a оптимизация 
610 1 |a классификация 
610 1 |a нормирование 
610 1 |a полезные ископаемые 
610 1 |a разработка 
610 1 |a комплексное освоение 
675 |a 504.5  |v 3 
700 1 |a Шестаков  |b В. А.  |g Виктор Александрович 
801 1 |a RU  |b 63413507  |c 20131116 
801 2 |a RU  |b 63413507  |c 20131216  |g RCR 
942 |c BK